Woodwork product catalogue- 2013 / (Record no. 3624)
[ view plain ]
| 000 -LEADER | |
|---|---|
| fixed length control field | 00440nam a2200145 4500 |
| 001 - CONTROL NUMBER | |
| control field | 4383 |
| 005 - DATE AND TIME OF LATEST TRANSACTION | |
| control field | 20181127173307.0 |
| 020 00 - INTERNATIONAL STANDARD BOOK NUMBER | |
| International Standard Book Number | |
| 090 00 - LOCALLY ASSIGNED LC-TYPE CALL NUMBER (OCLC); LOCAL CALL NUMBER (RLIN) | |
| Classification number (OCLC) (R) ; Classification number, CALL (RLIN) (NR) | 248.27 A642w 2014 |
| 245 00 - TITLE STATEMENT | |
| Title | Woodwork product catalogue- 2013 / |
| Remainder of title | |
| Statement of responsibility, etc. | Agency for promotion of indigenous crafts. |
| Medium | |
| 260 00 - PUBLICATION, DISTRIBUTION, ETC. | |
| Place of publication, distribution, etc. | Thimphu : |
| Name of publisher, distributor, etc. | Agency for promotion of indigenous crafts, |
| Date of publication, distribution, etc. | 2014. |
| 300 00 - PHYSICAL DESCRIPTION | |
| Extent | 123 p. ; 22 cm. |
| 500 00 - GENERAL NOTE | |
| General note | |
| 650 00 - SUBJECT ADDED ENTRY--TOPICAL TERM | |
| Topical term or geographic name entry element | Buddhist art and symbolism Bhutan Exhibitions. |
| General subdivision | |
| Withdrawn status | Lost status | Source of classification or shelving scheme | Damaged status | Not for loan | Collection code | Home library | Current library | Shelving location | Serial Enumeration / chronology | Inventory number | Total Checkouts | Full call number | Barcode | Date last seen | Price effective from | Koha item type |
|---|---|---|---|---|---|---|---|---|---|---|---|---|---|---|---|---|
| Dewey Decimal Classification | Main TEST | RTC Library | RTC Library | Main opac | 7939 | 248.2 WOO | 30007027 | 27/11/2018 | 27/11/2018 | Main |